000 00662nam a2200217Ia 4500
999 _c28604
_d28604
005 20240530101914.0
008 140319s9999 xx 000 0 ara d
017 _bمصر. دار الكتب
040 _aGCL /
_cGCL
082 0 4 _a189.3
_bم ف
_221
100 1 _aمجدى محمود رياض
245 1 0 _aالفلسفة الخلقية عند الاشاعرة /
_cمجدى محمود رياض
260 _c1993
300 _a207 ص
650 0 4 _aالفلسفة الاسلامية
_2qrmak
650 0 4 _aالفلسفة
_2qrmak
650 0 4 _aالاخلاق
_2qrmak
650 0 4 _aفلسفة الاشاعرة
_2qrmak
651 _2qrmak
942 _2ddc
_cBK